| 000 | 00383nam a2200133 i 4500 | ||
|---|---|---|---|
| 001 | bg | ||
| 245 | 0 |
_aMetody fizykochemiczne oczyszczania wody i ścieków : _bdruga międzynarodowa konferencja, Lublin, 7-9 czerwca 1979. T.2. |
|
| 260 |
_aLublin, _c1979. |
||
| 040 | _cBPK | ||
| 041 | _apol | ||
| 080 | _a628.1/.3(061.3) | ||
| 942 | _cKS | ||
| 008 | s pl f |000 0 pol | ||
| 999 |
_c19014 _d19014 |
||
| 856 |
_uhttp://koha.tu.koszalin.pl/cgi-bin/koha/opac-detail.pl?biblionumber=19014 _yKatalog online BPK |
||